000 01016cam a2200337 a 4500
001 230548
003 ARRUPE
005 20150116131347.0
008 840604s1983 nyua b 001 0 eng
010 _a 82023157
020 _a0716714884
020 _a0716714892 (pbk.)
035 _a(OCoLC)60008787
035 _a(OCoLC)ocm60008787
035 _a(CStRLIN)NYCG84-B36203
035 _a(NNC)230548
040 _carrupe
050 0 _aQC793.2
_b.W44 1983
082 0 _a539.7/21
_219
090 _aQC793.2
_b.W44 1983
100 1 _aWeinberg, Steven.
_913516
245 1 4 _aThe discovery of subatomic particles /
_cSteven Weinberg.
260 _aNew York :
_bScientific American Books,
_cc1983.
300 _axiii, 206 p. :
_bill. ;
_c24 cm.
490 1 _aScientific American library
504 _aIncludes bibliographical references and index.
650 0 _aParticles (Nuclear physics)
_913723
830 0 _aScientific American Library series.
_914148
942 _2lcc
_cMONOGRAPH
999 _c121738
_d121738